000 01562nam0a2200349 4500
001 RU\NLR\bibl\77544
005 20250616102441.0
010 _a5-86594-056-2
_910000
021 _aRU
_b1998-51261
_92467
035 _a(NLR Aleph) 000075702
090 _a419495
_c419495
100 _a20000329d1998 |||y0rusy50 ca
101 0 _arus
102 _aRU
105 _aa |||||||||
200 1 _aВосковые свечи и их значение для православных христиан при употреблении в Храмах Божиих и церковных священнодействиях
_fА.А. Усинина
210 _aМ.
_cИзд-во Свято-Введ. монастыря Опт. Пустыни
_d1998
215 _a55,[1] с.
_cил.
_d19
300 _aЗагл. обл.: Восковые свечи и их значение при употреблении православными христианами
300 _aНа обл. авт. не указан
320 _aБиблиогр. в подстроч. прим.
512 1 _aВосковые свечи и их значение при употреблении православными христианами
606 0 _aРелигиозные свечи
_92216294
_3RU\NLR\auth\661331089
686 _aЭ372-506
700 1 _aУсинина
_bА. А.
_4070
801 0 _aRU
_bNLR
_c20000329
_gPSBO
801 1 _aRU
_bNLR
_c20000329
852 _aNLR
_j2000-4/88
942 _cBOOK
980 _aNB